01141nam a22003017a 4500001001000000003000900010005001700019007000300036008003400039040005400073041001000127072001400137090001900151100001700170110011500187245008900302246008500391260003700476300001100513500005600524650001200580650001400592650002100606909003600627942000700663999001700670952015200687BR8708631BR-BrBNA20230928092758.0ta230509b bl.||||| |||| 00| 0 por d aBR-BrBNAbporcBiblioteca Nacional de Agricultura a(Por) aL40b5110  5110 BR87086311 aVuono, L. de1 aUniversidade de Sao Paulo, Sao Paulo (Brasil). Faculdade de Medicina Veterinaria e Zootecnia0Tese (Doutorado)1 aContribuicao ao estudo da vascularizacao arterial do testiculo em jumento nordestino1 a[Contribution to the study of northeast hinnies testes arterial vascularization]3 aSao Paulo, SP (Brasil): c1986.  a133 p. aSummaries (Eng, Por); 65 illus.; 18 ref.; 17 tables aJUMENTO aTESTICULO aVASOS SANGUINEOS a202309bLuciac55dLucia Elande cBK c41149d41149 002AGRIS40708AGROBASEa41918b41918l0o 5110 BR8708631p5110 BR8708631r2023-09-25t01yBK10d2023-09-25ePortaria Interministerial nÂș 164/94